[Event "DEM U10 2024"]
[Site "Willingen GER"]
[Date "2024.05.24"]
[Round "9"]
[White "Bentele, Otto"]
[Black "Alloussi, Arian"]
[Result "1/2-1/2"]
[Termination "normal"]
[Board "14"]
[WhiteElo "1538"]
[BlackElo "1697"]
[WhiteClock "00:47:52"]
[BlackClock "00:02:42"]
[PlyCount "50"]
[WhiteFideId "34653643"]
[BlackFideId "34637788"]
[EventCountry "GER"]
[EventRounds "11"]
[EventType "swiss"]
[EventDate "2024.05.18"]

1. e4 {[%clk 01:15:58]} {[%emt 00:00:01]} c5 {[%clk 01:15:53]} {[%emt
00:00:08]} 2. Nf3 {[%clk 01:16:11]} {[%emt 00:00:17]} a6 {[%clk 01:16:18]}
{[%emt 00:00:06]} 3. d4 {[%clk 01:16:04]} {[%emt 00:00:35]} cxd4 {[%clk
01:16:42]} {[%emt 00:00:06]} 4. Nxd4 {[%clk 01:16:16]} {[%emt 00:00:17]} Nf6
{[%clk 01:17:06]} {[%emt 00:00:07]} 5. Nc3 {[%clk 01:15:59]} {[%emt 00:00:47]}
e5 {[%clk 01:17:22]} {[%emt 00:00:15]} 6. Nf3 {[%clk 01:15:58]} {[%emt
00:00:31]} Bb4 {[%clk 01:15:43]} {[%emt 00:02:09]} 7. Bd2 {[%clk 01:11:11]}
{[%emt 00:05:17]} O-O {[%clk 01:12:32]} {[%emt 00:03:41]} 8. Bd3 {[%clk
01:10:55]} {[%emt 00:00:45]} Nc6 {[%clk 01:10:40]} {[%emt 00:02:22]} 9. O-O
{[%clk 01:10:05]} {[%emt 00:01:20]} d6 {[%clk 01:04:16]} {[%emt 00:06:55]} 10.
h3 {[%clk 01:10:01]} {[%emt 00:00:33]} b5 {[%clk 01:00:46]} {[%emt 00:04:01]}
11. a3 {[%clk 01:09:01]} {[%emt 00:01:29]} Ba5 {[%clk 01:00:25]} {[%emt
00:00:51]} 12. b4 {[%clk 01:08:21]} {[%emt 00:01:11]} Bb6 {[%clk 01:00:06]}
{[%emt 00:00:48]} 13. Bg5 {[%clk 01:07:57]} {[%emt 00:00:54]} h6 {[%clk
00:53:29]} {[%emt 00:07:08]} 14. Bh4 {[%clk 01:06:27]} {[%emt 00:01:58]} g5
{[%clk 00:48:49]} {[%emt 00:05:11]} 15. Bg3 {[%clk 01:05:35]} {[%emt 00:01:21]}
g4 {[%clk 00:48:56]} {[%emt 00:00:25]} 16. hxg4 {[%clk 01:05:33]} {[%emt
00:00:32]} Bxg4 {[%clk 00:45:06]} {[%emt 00:04:20]} 17. Bh4 {[%clk 01:05:21]}
{[%emt 00:00:39]} Nb8 {[%clk 00:44:49]} {[%emt 00:00:50]} 18. Be2 {[%clk
01:03:40]} {[%emt 00:02:11]} Kh7 {[%clk 00:32:29]} {[%emt 00:12:50]} 19. Qd2
{[%clk 00:57:52]} {[%emt 00:06:17]} Rg8 {[%clk 00:30:47]} {[%emt 00:02:13]} 20.
Rfd1 {[%clk 00:56:18]} {[%emt 00:02:02]} Bxf3 {[%clk 00:30:27]} {[%emt
00:00:52]} 21. Bxf3 {[%clk 00:56:21]} {[%emt 00:00:26]} Bd4 {[%clk 00:29:11]}
{[%emt 00:01:46]} 22. Rab1 {[%clk 00:54:41]} {[%emt 00:02:10]} Bxc3 {[%clk
00:19:19]} {[%emt 00:10:23]} 23. Qxc3 {[%clk 00:54:45]} {[%emt 00:00:25]} Qe7
{[%clk 00:19:00]} {[%emt 00:00:49]} 24. Qd3 {[%clk 00:52:40]} {[%emt 00:02:35]}
Rd8 {[%clk 00:18:03]} {[%emt 00:01:27]} 25. Bg4 {[%clk 00:47:52]} {[%emt
00:05:18]} d5 {[%clk 00:02:42]} {[%emt 00:15:52]} 1/2-1/2

[Event "DEM U10 2024"]
[Site "Willingen GER"]
[Date "2024.05.24"]
[Round "9"]
[White "Fabritius, Wolf"]
[Black "Liu, Jonas"]
[Result "0-1"]
[Termination "normal"]
[Board "16"]
[WhiteElo "1426"]
[BlackElo "1632"]
[WhiteClock "00:54:24"]
[BlackClock "00:25:09"]
[PlyCount "64"]
[WhiteFideId "34632603"]
[BlackFideId "34660941"]
[EventCountry "GER"]
[EventRounds "11"]
[EventType "swiss"]
[EventDate "2024.05.18"]

1. d4 {[%clk 01:15:59]} Nf6 {[%clk 01:15:41]} {[%emt 00:00:19]} 2. Nf3 {[%clk
01:16:22]} {[%emt 00:00:08]} d6 {[%clk 01:15:35]} {[%emt 00:00:33]} 3. c4
{[%clk 01:16:45]} {[%emt 00:00:10]} g6 {[%clk 01:15:13]} {[%emt 00:00:50]} 4.
e3 {[%clk 01:17:07]} {[%emt 00:00:10]} Bg7 {[%clk 01:14:52]} {[%emt 00:00:50]}
5. Be2 {[%clk 01:14:16]} {[%emt 00:03:22]} O-O {[%clk 01:13:34]} {[%emt
00:01:48]} 6. O-O {[%clk 01:14:43]} {[%emt 00:00:03]} Nbd7 {[%clk 01:13:15]}
{[%emt 00:00:48]} 7. Nc3 {[%clk 01:15:01]} {[%emt 00:00:12]} e5 {[%clk
01:12:34]} {[%emt 00:01:10]} 8. Qc2 {[%clk 01:14:51]} {[%emt 00:00:41]} Re8
{[%clk 01:11:44]} {[%emt 00:01:19]} 9. dxe5 {[%clk 01:14:14]} {[%emt 00:01:08]}
dxe5 {[%clk 01:10:22]} {[%emt 00:01:52]} 10. e4 {[%clk 01:13:57]} {[%emt
00:00:48]} c6 {[%clk 01:08:25]} {[%emt 00:02:26]} 11. Bg5 {[%clk 01:13:34]}
{[%emt 00:00:53]} Nf8 {[%clk 01:07:16]} {[%emt 00:01:39]} 12. Rad1 {[%clk
01:12:56]} {[%emt 00:01:08]} Qc7 {[%clk 01:04:26]} {[%emt 00:03:20]} 13. Rd2
{[%clk 01:09:33]} {[%emt 00:03:53]} Ne6 {[%clk 01:00:47]} {[%emt 00:04:09]} 14.
Bh4 {[%clk 01:08:16]} {[%emt 00:01:46]} Nf4 {[%clk 00:53:35]} {[%emt 00:07:42]}
15. Bg3 {[%clk 01:05:39]} {[%emt 00:03:09]} N6h5 {[%clk 00:53:16]} {[%emt
00:00:48]} 16. Rfd1 {[%clk 01:04:38]} {[%emt 00:01:30]} Nxg3 {[%emt 00:02:45]}
17. hxg3 {[%clk 01:04:04]} {[%emt 00:01:01]} Nxe2+ {[%clk 00:51:16]} {[%emt
00:00:19]} 18. Nxe2 {[%clk 01:04:15]} {[%emt 00:00:19]} Be6 {[%clk 00:50:04]}
{[%emt 00:01:43]} 19. a3 {[%clk 01:02:10]} {[%emt 00:02:35]} Rad8 {[%clk
00:49:52]} {[%emt 00:00:42]} 20. c5 {[%clk 01:02:08]} {[%emt 00:00:32]} Rxd2
{[%clk 00:47:22]} {[%emt 00:03:00]} 21. Rxd2 {[%clk 01:01:47]} {[%emt
00:00:51]} Rd8 {[%clk 00:46:01]} {[%emt 00:01:50]} 22. Ng5 {[%clk 00:59:33]}
{[%emt 00:02:44]} Rxd2 {[%clk 00:45:33]} {[%emt 00:00:58]} 23. Qxd2 {[%clk
00:59:49]} {[%emt 00:00:15]} Bd7 {[%clk 00:43:02]} {[%emt 00:03:01]} 24. Qc3
{[%clk 00:59:15]} {[%emt 00:01:04]} Qd8 {[%clk 00:38:35]} {[%emt 00:04:56]} 25.
Nf3 {[%clk 00:58:58]} {[%emt 00:00:47]} Be6 {[%clk 00:37:18]} {[%emt 00:01:46]}
26. Kh2 {[%clk 00:58:07]} {[%emt 00:01:21]} f6 {[%clk 00:35:28]} {[%emt
00:02:20]} 27. Qb4 {[%clk 00:57:11]} {[%emt 00:01:27]} Qd7 {[%clk 00:33:39]}
{[%emt 00:02:19]} 28. Qa5 {[%clk 00:56:31]} {[%emt 00:01:10]} a6 {[%clk
00:30:46]} {[%emt 00:03:24]} 29. Qb4 {[%clk 00:55:18]} {[%emt 00:01:42]} Bf8
{[%clk 00:27:30]} {[%emt 00:02:27]} 30. Nc3 {[%clk 00:55:26]} {[%emt 00:01:41]}
b5 {[%clk 00:26:59]} {[%emt 00:01:01]} 31. a4 {[%clk 00:54:24]} {[%emt
00:01:32]} Qa7 {[%clk 00:25:18]} {[%emt 00:02:11]} 32. axb5 {[%clk 00:54:24]}
{[%emt 00:00:30]} axb5 {[%clk 00:25:09]} {[%emt 00:00:40]} 0-1

[Event "DEM U10 2024"]
[Site "Willingen GER"]
[Date "2024.05.24"]
[Round "9"]
[White "Chychkan, Pavlo"]
[Black "Menke, Xaver Louis"]
[Result "1/2-1/2"]
[Termination "normal"]
[Board "19"]
[WhiteElo "1323"]
[BlackElo "1324"]
[WhiteClock "01:07:11"]
[BlackClock "00:50:53"]
[PlyCount "68"]
[WhiteFideId "533001758"]
[BlackFideId "34663134"]
[EventCountry "GER"]
[EventRounds "11"]
[EventType "swiss"]
[EventDate "2024.05.18"]

1. e4 {[%clk 01:15:58]} {[%emt 00:00:01]} e5 {[%clk 01:15:32]} {[%emt
00:00:28]} 2. d4 {[%clk 01:16:22]} {[%emt 00:00:07]} exd4 {[%clk 01:15:17]}
{[%emt 00:00:45]} 3. Qxd4 {[%clk 01:16:44]} {[%emt 00:00:07]} Nc6 {[%clk
01:14:29]} {[%emt 00:01:18]} 4. Qe3 {[%clk 01:17:03]} {[%emt 00:00:11]} d6
{[%clk 01:13:55]} {[%emt 00:01:05]} 5. Nc3 {[%clk 01:17:13]} {[%emt 00:00:19]}
Nf6 {[%clk 01:13:17]} {[%emt 00:01:08]} 6. Bd2 {[%clk 01:17:27]} {[%emt
00:00:16]} Be6 {[%clk 01:13:04]} {[%emt 00:00:43]} 7. O-O-O {[%clk 01:17:40]}
{[%emt 00:00:17]} Ng4 {[%clk 01:12:13]} {[%emt 00:01:20]} 8. Qg3 {[%clk
01:17:57]} {[%emt 00:00:13]} Qd7 {[%clk 01:12:00]} {[%emt 00:00:41]} 9. f4
{[%clk 01:17:59]} {[%emt 00:00:32]} g6 {[%clk 01:11:14]} {[%emt 00:01:16]} 10.
Re1 {[%clk 01:17:50]} {[%emt 00:00:38]} O-O-O {[%clk 01:10:33]} {[%emt
00:01:11]} 11. h3 {[%clk 01:17:55]} {[%emt 00:00:25]} Nh6 {[%clk 01:08:49]}
{[%emt 00:02:14]} 12. Nf3 {[%clk 01:17:36]} {[%emt 00:00:49]} f5 {[%clk
01:08:52]} {[%emt 00:00:28]} 13. Bb5 {[%clk 01:15:20]} {[%emt 00:02:46]} fxe4
{[%clk 01:05:30]} {[%emt 00:03:51]} 14. Bxc6 {[%clk 01:15:40]} {[%emt
00:00:11]} Qxc6 {[%clk 01:04:45]} {[%emt 00:01:15]} 15. Nxe4 {[%clk 01:15:55]}
{[%emt 00:00:16]} Bd7 {[%clk 01:03:11]} {[%emt 00:02:04]} 16. Qf2 {[%clk
01:15:57]} {[%emt 00:00:27]} Kb8 {[%clk 01:01:56]} {[%emt 00:01:45]} 17. Nc3
{[%clk 01:16:06]} {[%emt 00:00:21]} Bg7 {[%clk 00:59:23]} {[%emt 00:03:03]} 18.
Qh4 {[%clk 01:14:03]} {[%emt 00:02:33]} Nf5 {[%clk 00:58:30]} {[%emt 00:01:24]}
19. Qf2 {[%clk 01:14:00]} {[%emt 00:00:30]} d5 {[%clk 00:57:52]} {[%emt
00:01:11]} 20. g4 {[%clk 01:12:11]} {[%emt 00:02:15]} Nd6 {[%clk 00:56:47]}
{[%emt 00:01:39]} 21. Re7 {[%clk 01:10:06]} {[%emt 00:02:35]} Bf6 {[%clk
00:56:24]} {[%emt 00:00:52]} 22. Re2 {[%clk 01:10:11]} {[%emt 00:00:23]} Bxc3
{[%clk 00:55:28]} {[%emt 00:01:28]} 23. Bxc3 {[%clk 01:10:22]} {[%emt
00:00:18]} Ne4 {[%clk 00:55:16]} {[%emt 00:00:43]} 24. Qe1 {[%clk 01:09:23]}
{[%emt 00:01:27]} Qa6 {[%clk 00:54:47]} {[%emt 00:01:02]} 25. Bxh8 {[%clk
01:08:04]} {[%emt 00:01:49]} Qxa2 {[%clk 00:53:49]} {[%emt 00:01:28]} 26. Nd2
{[%clk 01:08:00]} {[%emt 00:00:32]} Nxd2 {[%clk 00:53:55]} {[%emt 00:00:25]}
27. Kxd2 {[%clk 01:08:17]} {[%emt 00:00:13]} Rxh8 {[%clk 00:54:03]} {[%emt
00:00:22]} 28. Re7 {[%clk 01:07:52]} {[%emt 00:00:52]} Bc6 {[%clk 00:53:56]}
{[%emt 00:00:40]} 29. Qe5 {[%clk 01:07:36]} {[%emt 00:00:45]} Rc8 {[%clk
00:53:50]} {[%emt 00:00:37]} 30. Re1 {[%clk 01:07:25]} {[%emt 00:00:41]} Qa6
{[%clk 00:53:11]} {[%emt 00:01:09]} 31. Re8 {[%clk 01:07:01]} {[%emt 00:00:55]}
Qa5+ {[%clk 00:52:23]} {[%emt 00:01:18]} 32. c3 {[%clk 01:07:04]} {[%emt
00:00:26]} Bxe8 {[%clk 00:52:39]} {[%emt 00:00:13]} 33. Qxe8 {[%clk 01:07:14]}
{[%emt 00:00:21]} Qb6 {[%clk 00:52:27]} {[%emt 00:00:42]} 34. Qd7 {[%clk
01:07:11]} {[%emt 00:00:33]} Qc6 {[%clk 00:50:53]} {[%emt 00:02:04]} 1/2-1/2

[Event "DEM U10 2024"]
[Site "Willingen GER"]
[Date "2024.05.24"]
[Round "9"]
[White "Nikolic, Luka"]
[Black "El-Issa, Erik"]
[Result "1-0"]
[Termination "normal"]
[Board "20"]
[WhiteElo "1145"]
[BlackElo "1172"]
[WhiteClock "00:34:40"]
[BlackClock "00:38:12"]
[PlyCount "75"]
[WhiteFideId "34655123"]
[BlackFideId "533001782"]
[EventCountry "GER"]
[EventRounds "11"]
[EventType "swiss"]
[EventDate "2024.05.18"]

1. d4 {[%clk 01:15:59]} {[%emt 14:25:54]} d5 {[%clk 01:15:50]} {[%emt
00:00:10]} 2. c4 {[%clk 01:16:23]} {[%emt 00:00:07]} e6 {[%clk 01:16:11]}
{[%emt 00:00:08]} 3. Nc3 {[%clk 01:16:46]} {[%emt 00:00:07]} Nf6 {[%clk
01:16:34]} {[%emt 00:00:08]} 4. Bf4 {[%clk 01:17:04]} {[%emt 00:00:12]} Bb4
{[%clk 01:16:43]} {[%emt 00:00:20]} 5. a3 {[%clk 01:17:23]} {[%emt 00:00:11]}
Bxc3+ {[%clk 01:16:56]} {[%emt 00:00:16]} 6. bxc3 {[%clk 01:17:44]} {[%emt
00:00:10]} h6 {[%clk 01:17:03]} {[%emt 00:00:23]} 7. Nf3 {[%clk 01:17:57]}
{[%emt 00:00:16]} Nc6 {[%clk 01:17:16]} {[%emt 00:00:18]} 8. e3 {[%clk
01:17:39]} {[%emt 00:00:48]} O-O {[%clk 01:17:34]} {[%emt 00:00:12]} 9. cxd5
{[%clk 01:17:45]} {[%emt 00:00:23]} exd5 {[%clk 01:16:36]} {[%emt 00:01:29]}
10. Bd3 {[%clk 01:16:22]} {[%emt 00:01:54]} Re8 {[%clk 01:16:35]} {[%emt
00:00:31]} 11. O-O {[%clk 01:16:31]} {[%emt 00:00:20]} Bg4 {[%clk 01:16:50]}
{[%emt 00:00:16]} 12. Rb1 {[%clk 01:16:36]} {[%emt 00:00:24]} b6 {[%clk
01:16:01]} {[%emt 00:01:20]} 13. h3 {[%clk 01:16:41]} {[%emt 00:00:24]} Bh5
{[%clk 01:16:13]} {[%emt 00:00:18]} 14. Bb5 {[%clk 01:17:03]} {[%emt 00:00:08]}
Re6 {[%clk 01:15:56]} {[%emt 00:00:46]} 15. Qa4 {[%clk 01:12:29]} {[%emt
00:05:05]} Ne7 {[%clk 01:12:31]} {[%emt 00:03:55]} 16. Ne5 {[%clk 01:09:08]}
{[%emt 00:03:50]} Ne4 {[%clk 01:11:01]} {[%emt 00:02:02]} 17. Qc2 {[%clk
01:02:24]} {[%emt 00:07:11]} c6 {[%clk 01:09:42]} {[%emt 00:01:51]} 18. Bd3
{[%clk 01:01:17]} {[%emt 00:01:37]} Nf6 {[%clk 01:06:28]} {[%emt 00:03:34]} 19.
c4 {[%clk 00:59:45]} {[%emt 00:02:12]} Rc8 {[%clk 01:03:56]} {[%emt 00:03:02]}
20. c5 {[%clk 00:49:51]} {[%emt 00:10:24]} Nd7 {[%clk 00:57:37]} {[%emt
00:06:49]} 21. Ba6 {[%clk 00:47:19]} {[%emt 00:03:02]} Rc7 {[%clk 00:51:27]}
{[%emt 00:06:41]} 22. g4 {[%clk 00:44:26]} {[%emt 00:03:23]} Nxe5 {[%clk
00:49:11]} {[%emt 00:02:45]} 23. Bxe5 {[%clk 00:41:25]} {[%emt 00:03:31]} Bg6
{[%clk 00:46:17]} {[%emt 00:03:24]} 24. Bxc7 {[%clk 00:38:50]} {[%emt
00:03:05]} Bxc2 {[%clk 00:46:10]} {[%emt 00:00:21]} 25. Bxd8 {[%clk 00:39:20]}
Bxb1 {[%clk 00:46:25]} {[%emt 00:00:31]} 26. Rxb1 {[%clk 00:39:35]} {[%emt
00:00:15]} b5 {[%clk 00:46:05]} {[%emt 00:00:50]} 27. a4 {[%clk 00:36:10]}
{[%emt 00:03:55]} Ng6 {[%clk 00:40:22]} {[%emt 00:06:13]} 28. axb5 {[%clk
00:33:33]} {[%emt 00:03:04]} cxb5 {[%clk 00:39:17]} {[%emt 00:01:39]} 29. Bxb5
{[%clk 00:33:42]} {[%emt 00:00:20]} a6 {[%clk 00:38:28]} {[%emt 00:01:20]} 30.
Bd7 {[%clk 00:33:24]} {[%emt 00:00:47]} Re4 {[%clk 00:38:42]} {[%emt 00:00:17]}
31. c6 {[%clk 00:33:13]} {[%emt 00:00:41]} Nf8 {[%clk 00:38:31]} {[%emt
00:00:41]} 32. Bf5 {[%clk 00:33:23]} {[%emt 00:00:19]} Re8 {[%clk 00:38:32]}
{[%emt 00:00:27]} 33. c7 {[%clk 00:33:44]} {[%emt 00:00:12]} Ne6 {[%clk
00:38:26]} {[%emt 00:00:35]} 34. Bxe6 {[%clk 00:34:01]} {[%emt 00:00:13]} fxe6
{[%clk 00:38:17]} {[%emt 00:00:40]} 35. c8=Q {[%clk 00:34:24]} {[%emt
00:00:07]} a5 {[%clk 00:38:24]} {[%emt 00:00:22]} 36. Qd7 {[%clk 00:34:46]}
{[%emt 00:00:08]} Kf8 {[%clk 00:38:24]} {[%emt 00:00:31]} 37. Rb7 {[%clk
00:34:55]} {[%emt 00:00:20]} Rxd8 {[%clk 00:38:12]} {[%emt 00:00:43]} 38. Qxd8#
{[%clk 00:34:40]} {[%emt 00:00:14]} 1-0

[Event "DEM U10 2024"]
[Site "Willingen GER"]
[Date "2024.05.24"]
[Round "9"]
[White "Liu, Yichen"]
[Black "Egert, Niilo"]
[Result "1-0"]
[Termination "normal"]
[Board "22"]
[WhiteElo "1212"]
[BlackElo "1105"]
[WhiteClock "01:01:49"]
[BlackClock "01:04:23"]
[PlyCount "119"]
[WhiteFideId "34677917"]
[BlackFideId "533001774"]
[EventCountry "GER"]
[EventRounds "11"]
[EventType "swiss"]
[EventDate "2024.05.18"]

1. e4 {[%clk 01:15:57]} {[%emt 00:00:03]} e5 {[%clk 01:15:38]} {[%emt
00:00:23]} 2. Nf3 {[%clk 01:16:17]} {[%emt 00:00:09]} Nc6 {[%clk 01:15:32]}
{[%emt 00:00:37]} 3. d4 {[%clk 01:16:16]} {[%emt 00:00:32]} exd4 {[%clk
01:15:23]} {[%emt 00:00:38]} 4. Nxd4 {[%clk 01:16:09]} {[%emt 00:00:36]} Nf6
{[%clk 01:14:47]} {[%emt 00:01:06]} 5. Nxc6 {[%clk 01:15:15]} {[%emt 00:01:25]}
bxc6 {[%clk 01:14:43]} {[%emt 00:00:34]} 6. Bd3 {[%clk 01:15:16]} {[%emt
00:00:29]} Bc5 {[%clk 01:13:53]} {[%emt 00:01:21]} 7. O-O {[%clk 01:14:29]}
{[%emt 00:01:16]} O-O {[%clk 01:13:52]} {[%emt 00:00:31]} 8. Bg5 {[%clk
01:14:21]} {[%emt 00:00:37]} h6 {[%clk 01:13:47]} {[%emt 00:00:36]} 9. Bh4
{[%clk 01:14:41]} {[%emt 00:00:10]} Be7 {[%clk 01:12:36]} {[%emt 00:01:41]} 10.
Nc3 {[%clk 01:13:25]} {[%emt 00:01:46]} d5 {[%clk 01:12:12]} {[%emt 00:00:54]}
11. Re1 {[%clk 01:11:55]} {[%emt 00:02:01]} Bg4 {[%clk 01:11:30]} {[%emt
00:01:11]} 12. f3 {[%clk 01:11:21]} {[%emt 00:01:03]} Bh5 {[%clk 01:11:26]}
{[%emt 00:00:34]} 13. Qd2 {[%clk 01:09:28]} {[%emt 00:02:24]} Qd7 {[%clk
01:09:57]} {[%emt 00:01:59]} 14. e5 {[%clk 01:08:28]} {[%emt 00:01:30]} Ne8
{[%clk 01:08:36]} {[%emt 00:01:51]} 15. Bxe7 {[%clk 01:07:16]} {[%emt
00:01:41]} Qxe7 {[%clk 01:08:54]} {[%emt 00:00:13]} 16. Qf4 {[%clk 01:05:58]}
{[%emt 00:01:48]} Qc5+ {[%clk 01:06:59]} {[%emt 00:02:24]} 17. Kh1 {[%clk
01:05:34]} {[%emt 00:00:55]} d4 {[%clk 01:05:47]} {[%emt 00:01:43]} 18. Ne2
{[%clk 01:05:07]} {[%emt 00:00:57]} Qb4 {[%clk 01:04:48]} {[%emt 00:01:29]} 19.
Qxd4 {[%clk 01:04:58]} {[%emt 00:00:38]} Qxd4 {[%clk 01:03:43]} {[%emt
00:01:35]} 20. Nxd4 {[%clk 01:05:16]} {[%emt 00:00:11]} c5 {[%clk 01:03:57]}
{[%emt 00:00:18]} 21. Nb3 {[%clk 01:05:06]} {[%emt 00:00:39]} c6 {[%clk
01:02:09]} {[%emt 00:02:18]} 22. Nxc5 {[%clk 01:05:19]} {[%emt 00:00:17]} Nc7
{[%clk 01:02:29]} {[%emt 00:00:10]} 23. Rad1 {[%clk 01:04:46]} {[%emt
00:01:03]} a5 {[%clk 01:01:23]} {[%emt 00:01:36]} 24. Be4 {[%clk 01:04:38]}
{[%emt 00:00:38]} Bg6 {[%clk 01:00:14]} {[%emt 00:01:39]} 25. Bxc6 {[%clk
01:04:06]} {[%emt 00:01:02]} Bxc2 {[%clk 01:00:35]} {[%emt 00:00:09]} 26. Rc1
{[%clk 01:04:12]} {[%emt 00:00:24]} Bf5 {[%clk 01:00:44]} {[%emt 00:00:21]} 27.
Bxa8 {[%clk 01:04:31]} {[%emt 00:00:11]} Rxa8 {[%clk 01:00:53]} {[%emt
00:00:21]} 28. Nb3 {[%clk 01:04:46]} {[%emt 00:00:14]} Na6 {[%clk 01:00:55]}
{[%emt 00:00:29]} 29. Nd4 {[%clk 01:04:35]} {[%emt 00:00:40]} Bg6 {[%clk
01:00:58]} {[%emt 00:00:28]} 30. Rcd1 {[%clk 01:03:19]} {[%emt 00:01:46]} Nb4
{[%clk 01:01:06]} {[%emt 00:00:22]} 31. a3 {[%clk 01:03:17]} {[%emt 00:00:33]}
Nd3 {[%clk 01:01:27]} {[%emt 00:00:09]} 32. Re2 {[%clk 01:02:07]} {[%emt
00:01:39]} Nf4 {[%clk 01:01:30]} {[%emt 00:00:27]} 33. Red2 {[%clk 01:01:23]}
{[%emt 00:01:14]} Re8 {[%clk 01:00:31]} {[%emt 00:01:29]} 34. Nc6 {[%clk
00:58:58]} {[%emt 00:02:55]} Ra8 {[%clk 01:00:05]} {[%emt 00:00:56]} 35. Rd8+
{[%clk 00:58:30]} {[%emt 00:00:57]} Rxd8 {[%clk 01:00:25]} {[%emt 00:00:11]}
36. Rxd8+ {[%clk 00:58:50]} {[%emt 00:00:10]} Kh7 {[%clk 01:00:43]} {[%emt
00:00:12]} 37. Nxa5 {[%clk 00:58:54]} {[%emt 00:00:26]} Nd3 {[%clk 01:00:45]}
{[%emt 00:00:28]} 38. b4 {[%clk 00:58:27]} {[%emt 00:00:57]} Nxe5 {[%clk
01:00:55]} {[%emt 00:00:20]} 39. b5 {[%clk 00:58:47]} {[%emt 00:00:10]} Bf5
{[%clk 00:59:44]} {[%emt 00:01:41]} 40. b6 {[%clk 00:58:56]} {[%emt 00:00:21]}
Nd7 {[%clk 01:00:07]} {[%emt 00:00:07]} 41. b7 {[%clk 00:59:12]} {[%emt
00:00:13]} Kg6 {[%clk 01:00:31]} {[%emt 00:00:06]} 42. Rxd7 {[%clk 00:59:31]}
{[%emt 00:00:11]} Bxd7 {[%clk 01:00:50]} {[%emt 00:00:12]} 43. b8=Q {[%emt
00:00:16]} Be6 {[%emt 00:00:12]} 44. Qg3+ {[%clk 00:59:15]} {[%emt 00:00:17]}
Kh7 {[%clk 01:01:11]} {[%emt 00:00:09]} 45. Nc6 {[%clk 00:59:28]} {[%emt
00:00:17]} Bd7 {[%clk 01:01:21]} {[%emt 00:00:19]} 46. Nd4 {[%clk 00:59:26]}
{[%emt 00:00:33]} Ba4 {[%clk 01:01:31]} {[%emt 00:00:20]} 47. Nf5 {[%clk
00:59:41]} {[%emt 00:00:15]} g6 {[%clk 01:01:41]} {[%emt 00:00:20]} 48. Qh4
{[%clk 00:59:31]} {[%emt 00:00:39]} gxf5 {[%clk 01:01:56]} {[%emt 00:00:15]}
49. Qxa4 {[%clk 00:59:39]} {[%emt 00:00:22]} Kg6 {[%clk 01:02:18]} {[%emt
00:00:09]} 50. Qd7 {[%clk 00:59:25]} {[%emt 00:00:42]} f6 {[%clk 01:02:39]}
{[%emt 00:00:12]} 51. a4 {[%clk 00:59:48]} {[%emt 00:00:07]} h5 {[%clk
01:02:50]} {[%emt 00:00:18]} 52. a5 {[%clk 01:00:14]} {[%emt 00:00:04]} h4
{[%clk 01:03:11]} {[%emt 00:00:09]} 53. a6 {[%clk 01:00:41]} {[%emt 00:00:04]}
h3 {[%clk 01:03:32]} {[%emt 00:00:09]} 54. a7 {[%clk 01:00:59]} {[%emt
00:00:12]} hxg2+ {[%clk 01:03:53]} {[%emt 00:00:08]} 55. Kxg2 {[%clk 01:01:22]}
{[%emt 00:00:07]} f4 {[%clk 01:04:11]} {[%emt 00:00:13]} 56. a8=Q {[%clk
01:01:42]} {[%emt 00:00:09]} f5 {[%clk 01:04:17]} {[%emt 00:00:24]} 57. Qe6+
{[%clk 01:01:34]} {[%emt 00:00:37]} Kg5 {[%clk 01:04:29]} {[%emt 00:00:18]} 58.
Qag8+ {[%clk 01:01:55]} {[%emt 00:00:10]} Kh5 {[%clk 01:04:45]} {[%emt
00:00:14]} 59. Qxf5+ {[%clk 01:01:57]} {[%emt 00:00:28]} Kh4 {[%clk 01:04:23]}
{[%emt 00:00:51]} 60. Qfg4# {[%clk 01:01:49]} {[%emt 00:00:08]} 1-0